| 000 | 01341naa a22003617a 4500 | ||
|---|---|---|---|
| 001 | BR8105095 | ||
| 003 | BR-BrBNA | ||
| 005 | 20240918174826.0 | ||
| 007 | ta | ||
| 008 | 230509b bl.||||| |||| 00| 0 por d | ||
| 040 |
_aBR-BrBNA _bpor _cBiblioteca Nacional de Agricultura |
||
| 041 | _a(Pt) | ||
| 072 |
_aM40 _b8100 _b3851 |
||
| 090 | _aM40 BR8105095 | ||
| 100 | 1 | _aReis, M.A.G. | |
| 100 | 1 | _aTorloni, C.E.S. | |
| 100 | 1 | _aSilva Filho, J.A. da | |
| 100 | 1 | _aGirardi, L. | |
| 111 | 1 |
_a2. Simposio Brasileiro sobre Aquicultura; 2. Encontro Nacional de Ranicultores _cJaboticabal, SP (Brazil) _d1980 |
|
| 245 | 1 | _aProducao de plancton em tanques, em funcao do uso de diferentes adubos [peixe, nutricao animal] | |
| 260 | 3 |
_aBrasilia, DF (Brasil): _c1981. |
|
| 500 | _aAnais do 2. Simposio Brasileiro sobre Aquicultura e do 2. Encontro Nacional de Ranicultores Brasilia, DF (Brasil): 1981. p. 87-88 (BR8105095-AM)M40 | ||
| 650 | _aPEIXE | ||
| 650 | _aALEVINO | ||
| 650 | _aNUTRICAO ANIMAL | ||
| 650 | _aPLANCTON | ||
| 650 | _aZOOPLANCTON | ||
| 650 | _aADUBO | ||
| 650 | _aESTERCO DE GALINHA | ||
| 773 | 0 |
_tAnais do 2. Simposio Brasileiro sobre Aquicultura e do 2. Encontro Nacional de Ranicultores _wM40 BR8105095 _gBrasilia, DF (Brasil), 1981. p. 87-88 |
|
| 909 |
_a202404 _bLucia _c55 _dLucia Elande |
||
| 942 |
_cAM _2AGRIS |
||
| 999 |
_c313824 _d313824 |
||